<?xml version="1.0" encoding="UTF-8"?>
<marc:record xmlns:marc="http://www.loc.gov/MARC21/slim">
   <marc:leader>00000nam a2200000 a 4500</marc:leader>
   <marc:datafield ind1="1" ind2=" " tag="100">
      <marc:subfield code="a">Riordan, Rick</marc:subfield>
      <marc:subfield code="4">aut</marc:subfield>
      <marc:subfield code="e">Verfasser/-in</marc:subfield>
   </marc:datafield>
   <marc:datafield ind1=" " ind2=" " tag="653">
      <marc:subfield code="a">Antolin Jugendbuch</marc:subfield>
   </marc:datafield>
   <marc:datafield ind1="0" ind2="0" tag="245">
      <marc:subfield code="a">Das verborgene Orakel</marc:subfield>
   </marc:datafield>
   <marc:datafield ind1="0" ind2="0" tag="245">
      <marc:subfield code="b">Band 1 der Apollo Reihe</marc:subfield>
   </marc:datafield>
   <marc:datafield ind1=" " ind2="1" tag="264">
      <marc:subfield code="b">Carlsen Verlag GmbH</marc:subfield>
      <marc:subfield code="c">2017</marc:subfield>
   </marc:datafield>
   <marc:datafield ind1="1" ind2=" " tag="490">
      <marc:subfield code="a">Die Abenteuer des Apollo</marc:subfield>
   </marc:datafield>
   <marc:datafield ind1="1" ind2=" " tag="520">
      <marc:subfield code="a">Aufregende Abenteuer für alle Percy-Jackson-Fans!

Der Gott Apollo stürzt vom Himmel direkt in ein paar Mülltonnen – er ist bei Zeus in Ungnade gefallen und wurde zur Strafe seiner Unsterblichkeit beraubt! Prompt wird er auch noch überfallen, doch zum Glück springt ihm Meg zur Seite – frech, kampflustig, höchstens zwölf und zweifelsfrei eine Halbgöttin. Zusammen machen sie sich auf nach Camp Half-Blood, doch dort lauern weitere Gefahren. Und noch dazu funktioniert das Orakel von Delphi nicht mehr, denn es ist immer noch von Apollos altem Feind Python besetzt …

Die neue Bestseller-Serie aus der Welt der Götter, und auch mit Percy Jackson gibt es ein Wiedersehen! 

Alle Bände der Apollo-Serie:
Die Abenteuer des Apollo - Das verborgene Orakel (Band 1)
Die Abenteuer des Apollo - Die dunkle Prophezeiung (Band 2)
Die Abenteuer des Apollo - Das brennende Labyrinth (Band 3)
Die Abenteuer des Apollo - Die Gruft des Tyrannen (Band 4)
der letzte Band folgt</marc:subfield>
   </marc:datafield>
   <marc:datafield ind1=" " ind2=" " tag="020">
      <marc:subfield code="a">9783551556882</marc:subfield>
      <marc:subfield code="9">9783551556882</marc:subfield>
   </marc:datafield>
</marc:record>
